|
|
|
|
| LEADER |
00000nam0a2200000 4500 |
| 001 |
85074 |
| 005 |
20231031100859.0 |
| 010 |
|
|
|b 3000
|a 506005151X
|b В пер.
|
| 020 |
|
|
|a RU
|b 05-64687
|9 Книжная летопись
|
| 021 |
|
|
|a RU
|b 05-57104
|9 05-2793:05.
|
| 035 |
|
|
|a (RuTPU)RU\TPU\book\91407
|
| 090 |
|
|
|a 85074
|
| 100 |
|
|
|a 20051109d2005 m u0rusy5002 ca
|
| 101 |
0 |
|
|a rus
|
| 102 |
|
|
|a RU
|
| 105 |
|
|
|a y j 001zy
|
| 200 |
1 |
|
|a Организация, нормирование и стимулирование труда на предприятиях машиностроения
|e учебник для вузов
|f Н. Ф. Ревенко, А. Г. Схиртладзе, В. Л. Аристова и др.
|g под ред. Н. Ф. Ревенко
|
| 210 |
|
|
|a Москва
|c Высшая школа
|d 2005
|
| 215 |
|
|
|a 381 с.
|
| 320 |
|
|
|a Библиогр.: с. 378-379.
|
| 610 |
1 |
|
|a машиностроение
|
| 610 |
1 |
|
|a машиностроительные предприятия
|
| 610 |
1 |
|
|a труд
|
| 610 |
1 |
|
|a разделение
|
| 610 |
1 |
|
|a виды
|
| 610 |
1 |
|
|a рабочее место
|
| 610 |
1 |
|
|a прогрессивные формы
|
| 610 |
1 |
|
|a трудовые ресурсы
|
| 610 |
1 |
|
|a трудовое законодательство
|
| 610 |
1 |
|
|a нормирование
|
| 610 |
1 |
|
|a основное производство
|
| 610 |
1 |
|
|a вспомогательные производства
|
| 610 |
1 |
|
|a обслуживающее производство
|
| 610 |
1 |
|
|a оплата труда
|
| 610 |
1 |
|
|a поощрительные системы
|
| 610 |
1 |
|
|a стимулирование
|
| 610 |
1 |
|
|a учебники
|
| 675 |
|
|
|a 621.002:658.51.012(075.8)
|v 3
|z rus
|
| 701 |
|
1 |
|a Ревенко
|b Н. Ф.
|g Николай Федорович
|4 070
|
| 701 |
|
1 |
|a Схиртладзе
|b А. Г.
|g Александр Георгиевич
|4 070
|
| 701 |
|
1 |
|a Аристова
|b В. Л.
|g Вера Леонидовна
|4 070
|
| 701 |
|
1 |
|a Гайворонская
|b К. Д.
|4 070
|
| 801 |
|
0 |
|a RU
|b RKP
|c 20051005
|g PSBO
|
| 801 |
|
1 |
|a RU
|b 63413507
|c 20051109
|g PSBO
|
| 801 |
|
2 |
|a RU
|b 63413507
|c 20170503
|g PSBO
|
| 900 |
|
|
|a Нормирование и оплата труда
|
| 900 |
|
|
|a Организация и нормирование труда
|
| 900 |
|
|
|a Экономика и организация труда
|
| 900 |
|
|
|a Экономика и управление производством
|
| 900 |
|
|
|a Экономика машиностроительного производства
|
| 942 |
|
|
|c BK
|
| 951 |
|
|
|b 151000
|
| 959 |
|
|
|a 36/20090313
|d 10
|e 242,00
|f УФ:10
|